LEADER 01719nam 2200313 n 450 001 996391162503316 005 20200824121745.0 035 $a(CKB)4940000000106105 035 $a(EEBO)2240877781 035 $a(UnM)99858831e 035 $a(UnM)99858831 035 $a(EXLCZ)994940000000106105 100 $a19850422d1644 uh | 101 0 $aeng 135 $aurbn||||a|bb| 200 10$aTwo ordinances of the Lords and Commons assembled in Parliament$b[electronic resource]$eone commanding that no officer or souldier either by sea or land, shall give any quarter to any Irishman, or to any papist borne in Ireland, which shall be taken in armes against the Parliament in England. The other for the better observation of the monethly fast, thorowout the Kingdome of England and Dominion of Wales: together with some directions to the officers within their severall liberties, diligently to make search for, and take notice of all persons that either follow their work, or sit in taverns or victualling houses on that day. Die Jovis 24. Octob. 1644. Ordered by the Lords assembled in Parliament, that these ordinances be forthwith printed and published. Joh. Brown Cler. Parliamentorum 210 $aLondon $cPrinted for Iohn Wright in the old Bayley$d26. Octob. 1644 215 $a[2], 6 p 300 $aReproduction of the original in the British Library. 330 $aeebo-0018 607 $aGreat Britain$xHistory$yCivil War, 1642-1649$vEarly works to 1800 801 0$bCu-RivES 801 1$bCu-RivES 801 2$bCStRLIN 801 2$bWaOLN 906 $aBOOK 912 $a996391162503316 996 $aTwo ordinances of the Lords and Commons assembled in Parliament$92299709 997 $aUNISA